000
00438nam a2200145Ia 4500
008
090124s9999 xx 000 0 und d
082
_b
302110
245
_a
सैलानी (पोलिसकथा)
250
_a
1
260
_b
दिघे प्रभाकर
_c
1988
300
_a
112
630
_a
सैलानी (पोलिसकथा)
730
_a
सैलानी (पोलिसकथा)
942
_c
BOOK
999
_c
191712
_d
191712